[Event "Sparkassen-Open A"]
[Site "Heusenstamm, Martinsee"]
[Date "2019.11.22"]
[Round "3.36"]
[White "Wiley, Tom E"]
[Black "Terwagne, Bertrand"]
[Result "1-0"]
[WhiteElo "2141"]
[BlackElo "1809"]
[PlyCount "45"]
[EventDate "2019.??.??"]
[WhiteTeam "Europchess"]
[BlackTeam "CRELEL"]

1. d4 Nf6 2. c4 e6 3. Nc3 d5 4. cxd5 Nxd5 5. e4 Nxc3 6. bxc3 c5 7. Rb1 cxd4 8.
cxd4 Nc6 9. Bb5 Bd7 10. Nf3 Bb4+ 11. Kf1 Qa5 12. Qc2 a6 13. Bd3 Rc8 14. g3 Na7
15. Kg2 Bb5 16. d5 Bxd3 17. Qxd3 O-O 18. Be3 Nb5 19. dxe6 fxe6 20. Qb3 Bc3 21.
Qxe6+ Kh8 22. Ng5 Qc7 23. Qh3 1-0

[Event "Sparkassen-Open A"]
[Site "Heusenstamm, Martinsee"]
[Date "2019.11.22"]
[Round "3.37"]
[White "Junker, Christian"]
[Black "Schmittdiel, Eckhard"]
[Result "0-1"]
[WhiteElo "2011"]
[BlackElo "2412"]
[PlyCount "156"]
[EventDate "2019.??.??"]
[WhiteTeam "SV Neu-Isenburg"]
[BlackTeam "BCA Augsburg"]

1. Nf3 b5 2. g3 Bb7 3. Bg2 e5 4. d3 f5 5. O-O d6 6. Nbd2 Nf6 7. c3 Qe7 8. h4
Nbd7 9. b4 Nb6 10. Qc2 g6 11. e4 Bg7 12. exf5 gxf5 13. Re1 O-O 14. c4 bxc4 15.
Nxc4 Nxc4 16. dxc4 Be4 17. Qb3 Kh8 18. Bb2 Qd7 19. Bh3 Ng4 20. Rad1 Rae8 21.
Nh2 Ba8 22. b5 Qc8 23. f3 Nxh2 24. Kxh2 Qb7 25. f4 Qb6 26. Qc2 Be4 27. Qe2 Rf7
28. fxe5 Bxe5 29. Bxe5+ Rxe5 30. Qd2 Qc5 31. Qd4 Rg7 32. Qxc5 Rxc5 33. Rd4 d5
34. Bf1 h6 35. Red1 Rd7 36. Bg2 Re7 37. Bf1 Bf3 38. R1d2 dxc4 39. Bxc4 Kg7 40.
Kg1 Kf6 41. Kf2 Bb7 42. a4 Re4 43. Be2 Ke5 44. Rd8 Rxa4 45. Re8+ Kf6 46. Rdd8
Rd5 47. Rf8+ Ke5 48. Rxd5+ Bxd5 49. Rh8 Ra2 50. Ke3 Ra3+ 51. Kf2 Kd4 52. Rxh6
Ra2 53. Rh7 Bc4 54. Rd7+ Ke5 55. Rxc7 Rxe2+ 56. Kf3 Re4 57. Rxa7 Bxb5 58. Re7+
Kd4 59. Rf7 Be2+ 60. Kf2 Bg4 61. Rd7+ Ke5 62. Rd2 Rd4 63. Ra2 Rd3 64. Ra5+ Rd5
65. Ra2 Rb5 66. Rd2 Ke4 67. Ra2 Rb3 68. Ra4+ Kd3 69. Ra2 Bh5 70. Kg2 Ke3 71.
Rf2 Bg4 72. Ra2 Rd3 73. Ra5 Bf3+ 74. Kh3 Rd1 75. Ra3+ Ke4 76. Ra4+ Ke5 77. Ra5+
Ke6 78. g4 f4 0-1

[Event "Sparkassen-Open A"]
[Site "Heusenstamm, Martinsee"]
[Date "2019.11.22"]
[Round "3.38"]
[White "Krastev, Alexander"]
[Black "Kürschner, Matthias"]
[Result "1-0"]
[WhiteElo "2330"]
[BlackElo "1993"]
[PlyCount "83"]
[EventDate "2019.??.??"]
[WhiteTeam "Biebertaler SF"]
[BlackTeam "SK Langen"]

1. e4 c5 2. Nc3 g6 3. Nf3 Bg7 4. d4 cxd4 5. Nxd4 Nc6 6. Be3 Nf6 7. Bc4 Qa5 8.
O-O O-O 9. Bb3 Ng4 10. Qxg4 Nxd4 11. Nd5 Nc6 12. Qh4 Qd8 13. Bg5 Re8 14. c3 d6
15. f4 Kh8 16. f5 gxf5 17. exf5 f6 18. Be3 Ne5 19. Qh5 Rf8 20. Rf4 Qe8 21. Qxe8
Rxe8 22. Nc7 Bd7 23. Rff1 Rec8 24. Nxa8 Rxa8 25. Bd5 Nc6 26. b4 Rc8 27. a4 a6
28. a5 Nd8 29. c4 Bf8 30. Rab1 Nc6 31. Bb6 Rb8 32. b5 Ne5 33. Be3 axb5 34. cxb5
Ng4 35. Bd2 Bh6 36. Bxh6 Nxh6 37. a6 Nxf5 38. a7 Ra8 39. b6 Bc8 40. Rxf5 Bxf5
41. Bxb7 Bxb1 42. Bxa8 1-0

[Event "Sparkassen-Open A"]
[Site "Heusenstamm, Martinsee"]
[Date "2019.11.22"]
[Round "3.39"]
[White "Klundt, Klaus"]
[Black "Blübaum, Johanna"]
[Result "1-0"]
[WhiteElo "2297"]
[BlackElo "1981"]
[PlyCount "67"]
[EventDate "2019.??.??"]
[WhiteTeam "SC Heusenstamm"]
[BlackTeam "SK Marburg"]

1. e4 e6 2. d4 d5 3. Nd2 c5 4. Ngf3 Nc6 5. exd5 Qxd5 6. Bc4 Qd7 7. dxc5 Bxc5 8.
O-O Nf6 9. Qe2 O-O 10. Nb3 Bd6 11. Bg5 Qc7 12. Rad1 e5 13. Bxf6 gxf6 14. Nh4
Ne7 15. Rd3 Kh8 16. Qh5 Qxc4 17. Rxd6 Qf4 18. g3 Qg5 19. Qf3 f5 20. Qe3 f6 21.
f4 Qg7 22. Qd2 Nc6 23. Re1 Qc7 24. fxe5 Nxe5 25. Rxe5 fxe5 26. Ng6+ Kg7 27.
Nxf8 Kxf8 28. Qd5 Qe7 29. Rd8+ Kg7 30. Qg8+ Kh6 31. Rxc8 Rxc8 32. Qxc8 Kg5 33.
Nc5 Qd6 34. Qd8+ 1-0

[Event "Sparkassen-Open A"]
[Site "Heusenstamm, Martinsee"]
[Date "2019.11.22"]
[Round "3.40"]
[White "Weber, Samuel"]
[Black "Wuerl, Roland"]
[Result "1-0"]
[WhiteElo "2291"]
[BlackElo "1876"]
[PlyCount "71"]
[EventDate "2019.??.??"]
[WhiteTeam "SV Oberursel"]
[BlackTeam "SK Dieburg"]

1. e4 c5 2. Nf3 Nc6 3. g3 g6 4. Bg2 Bg7 5. O-O d6 6. c3 e5 7. a3 Nge7 8. b4 a6
9. d3 O-O 10. Nbd2 h6 11. Nb3 b6 12. Bb2 Be6 13. Rb1 Qd7 14. d4 cxd4 15. cxd4
Bxb3 16. Qxb3 Nxd4 17. Nxd4 exd4 18. Rfd1 Nc6 19. Rbc1 Rac8 20. Qa4 Nb8 21.
Qxd7 Nxd7 22. Rxc8 Rxc8 23. Bh3 Rc2 24. Bxd4 Bxd4 25. Rxd4 Nf6 26. Rxd6 Nxe4
27. Rxb6 Nxf2 28. Bf1 Ng4 29. h3 Ne3 30. Rxa6 Kg7 31. Bd3 Rg2+ 32. Kh1 Rxg3 33.
b5 Rxh3+ 34. Kg1 Ng4 35. Rd6 Ne5 36. b6 1-0

[Event "Sparkassen-Open A"]
[Site "Heusenstamm, Martinsee"]
[Date "2019.11.22"]
[Round "3.41"]
[White "Ramien, David"]
[Black "Papadopoulos, Ioannis"]
[Result "0-1"]
[WhiteElo "2228"]
[BlackElo "1944"]
[PlyCount "74"]
[EventDate "2019.??.??"]
[WhiteTeam "SG Porz"]
[BlackTeam "SV Oberursel"]

1. e4 e5 2. Nf3 Nc6 3. Bb5 a6 4. Ba4 Nf6 5. Qe2 b5 6. Bb3 Be7 7. d4 d6 8. c3
O-O 9. O-O Bg4 10. Rd1 exd4 11. cxd4 d5 12. e5 Ne4 13. Bc2 f5 14. a3 Bh4 15. g3
Bg5 16. Bxe4 Bxc1 17. Rxc1 fxe4 18. Rxc6 Bxf3 19. Qe1 Qd7 20. Rc5 Qh3 21. Qf1
Qh6 22. Qc1 e3 23. fxe3 Be4 24. Nc3 Rf2 25. Kxf2 Qxh2+ 26. Ke1 Rf8 27. Ne2 Rf2
28. Qd1 Bf3 29. Rc2 h5 30. Rac1 g5 31. Qd3 Be4 32. Qd1 Bf3 33. Qd3 Be4 34. Qb3
h4 35. gxh4 g4 36. Qb4 Bd3 37. Qd2 Qg1+ 0-1

[Event "Sparkassen-Open A"]
[Site "Heusenstamm, Martinsee"]
[Date "2019.11.22"]
[Round "3.42"]
[White "Fuß, Jean-Pierre"]
[Black "Rolle, Eric"]
[Result "0-1"]
[WhiteElo "2008"]
[BlackElo "2206"]
[PlyCount "44"]
[EventDate "2019.??.??"]
[WhiteTeam "SV Turm Sankt Augustin"]
[BlackTeam "SK Marburg"]

1. d4 Nf6 2. Nf3 e6 3. g3 b5 4. a4 b4 5. Bg2 Bb7 6. a5 c5 7. dxc5 Bxc5 8. O-O
O-O 9. Nbd2 d5 10. Nb3 Bd6 11. Be3 Qe7 12. Nfd4 a6 13. c3 bxc3 14. bxc3 Rc8 15.
Qd3 Nbd7 16. Rab1 Ne5 17. Qc2 Rc7 18. Nf3 Nc4 19. Bb6 Rcc8 20. Nbd2 Na3 21. Qb2
Nxb1 22. Rxb1 e5 0-1

[Event "Sparkassen-Open A"]
[Site "Heusenstamm, Martinsee"]
[Date "2019.11.22"]
[Round "3.43"]
[White "Weber, Jannis"]
[Black "Kleibel, Uwe"]
[Result "1/2-1/2"]
[WhiteElo "1942"]
[BlackElo "2193"]
[PlyCount "78"]
[EventDate "2019.??.??"]
[WhiteTeam "SV Hennef"]
[BlackTeam "SF Sailauf"]

1. e4 c5 2. Nf3 Nc6 3. Bb5 g6 4. O-O Bg7 5. Re1 e5 6. d3 Nge7 7. c3 O-O 8. Be3
d6 9. d4 cxd4 10. cxd4 Bg4 11. d5 Bxf3 12. Qxf3 Nd4 13. Bxd4 exd4 14. Nd2 Rc8
15. Bd3 Qb6 16. Nc4 Qc5 17. Qf4 Rfd8 18. Rac1 b5 19. Na3 Qb4 20. Nxb5 Be5 21.
Qg5 f6 22. Qg4 Qxb2 23. Rb1 Qd2 24. Red1 Qh6 25. g3 Kf8 26. f4 f5 27. exf5 a6
28. fxe5 axb5 29. fxg6 Nxg6 30. e6 Qe3+ 31. Kg2 Rc7 32. Bxg6 hxg6 33. Qxg6 Rg7
34. Qf6+ Ke8 35. Qxg7 Qe2+ 36. Kg1 Qe3+ 37. Kg2 Qe2+ 38. Kh1 Qf3+ 39. Kg1 Qe3+
1/2-1/2

[Event "Sparkassen-Open A"]
[Site "Heusenstamm, Martinsee"]
[Date "2019.11.22"]
[Round "3.44"]
[White "Gallasch, Jonas"]
[Black "Lehmann, Tim"]
[Result "1-0"]
[WhiteElo "2160"]
[BlackElo "1955"]
[PlyCount "65"]
[EventDate "2019.??.??"]
[WhiteTeam "SG Porz"]
[BlackTeam "SV Lahn Limburg"]

1. d4 Nf6 2. c4 g6 3. Nc3 Bg7 4. e4 d6 5. Be2 O-O 6. Be3 e5 7. d5 a5 8. g4 Na6
9. h4 Nc5 10. f3 h5 11. g5 Nh7 12. Qd2 Bd7 13. Nh3 Bxh3 14. Rxh3 Qd7 15. Rh1 b6
16. Bf1 Rfe8 17. Bh3 Qe7 18. b3 Nf8 19. Rb1 Nfd7 20. Nb5 Nb8 21. Qc2 Nca6 22.
a3 f6 23. Rg1 fxg5 24. Rxg5 Kh7 25. Qg2 Qf6 26. Rxg6 Qxh4+ 27. Bf2 Qe7 28. Bf5
Kh8 29. Qh3 Nc5 30. Qxh5+ Kg8 31. Bxc5 bxc5 32. Be6+ Kf8 33. Qh8+ 1-0

[Event "Sparkassen-Open A"]
[Site "Heusenstamm, Martinsee"]
[Date "2019.11.22"]
[Round "3.45"]
[White "van der Valk, Niklas"]
[Black "Stumpf, Daniel"]
[Result "1-0"]
[WhiteElo "2133"]
[BlackElo "1947"]
[PlyCount "97"]
[EventDate "2019.??.??"]
[WhiteTeam "SG Trier"]
[BlackTeam "SW Lichtenrade"]

1. c4 c5 2. Nf3 Nc6 3. d4 cxd4 4. Nxd4 g6 5. e4 Nf6 6. Nc3 Nxd4 7. Qxd4 d6 8.
Be3 Bg7 9. f3 O-O 10. Qd2 Bd7 11. Be2 Bc6 12. O-O a5 13. b3 Nd7 14. Rab1 Nc5
15. a3 Be5 16. b4 axb4 17. axb4 Na4 18. Nxa4 Rxa4 19. f4 Bg7 20. Bf3 b5 21.
cxb5 Bxb5 22. Rfc1 Qd7 23. h3 Rfa8 24. Rc2 Ra3 25. Re1 Rd3 26. Qf2 Raa3 27. Bb6
Ba4 28. Rcc1 Bc3 29. Re3 Rxe3 30. Bxe3 Bxb4 31. Rb1 Rxe3 32. Rxb4 Qa7 33. Kh2
Bd1 34. Qb2 f6 35. Bxd1 Rd3 36. Bf3 Qc5 37. Rb8+ Kg7 38. Qa2 d5 39. exd5 Qd6
40. Rb1 Qxf4+ 41. Kh1 Rd2 42. Qa7 Kf7 43. Re1 Qd6 44. Qa8 Qg3 45. Rf1 h5 46.
Qh8 h4 47. Qh7+ Ke8 48. Qg8+ Kd7 49. Qe6+ 1-0

[Event "Sparkassen-Open A"]
[Site "Heusenstamm, Martinsee"]
[Date "2019.11.22"]
[Round "3.46"]
[White "Küpper, Martin"]
[Black "Steinle, Carsten"]
[Result "1/2-1/2"]
[WhiteElo "1991"]
[BlackElo "2137"]
[PlyCount "119"]
[EventDate "2019.??.??"]
[WhiteTeam "SC Fulda"]
[BlackTeam "SV Ahlen"]

1. Nf3 d6 2. d4 Bg4 3. e4 Nd7 4. Bc4 Ngf6 5. h3 Bh5 6. g4 Bg6 7. e5 dxe5 8.
dxe5 Ne4 9. Be3 e6 10. Nbd2 h5 11. Rg1 hxg4 12. hxg4 Nb6 13. Bd3 Nxd2 14. Qxd2
Bxd3 15. Qxd3 Qxd3 16. cxd3 Nd5 17. Bd2 Bc5 18. Rc1 Bb6 19. Ke2 Ke7 20. Rh1 c6
21. Ng5 Bd4 22. Nf3 Bb6 23. Ng5 Bc7 24. f4 f6 25. Nf3 Kf7 26. Rcf1 Rag8 27. d4
Bb6 28. Kd3 Rd8 29. Ke4 Ne7 30. f5 Nd5 31. Bc1 Bc7 32. Rd1 Rde8 33. Rdf1 Rxh1
34. Rxh1 c5 35. fxe6+ Kxe6 36. dxc5 Bxe5 37. Nd4+ Bxd4 38. Kxd4 Rd8 39. Re1+
Kf7 40. Kc4 Ne7 41. Bf4 Ng6 42. Bd6 Rh8 43. Kd5 Rh3 44. b4 Rd3+ 45. Kc4 Ra3 46.
Re2 Ne5+ 47. Bxe5 fxe5 48. Kd5 Ra4 49. Rb2 Kf6 50. Kd6 a5 51. bxa5 Rxa5 52.
Rxb7 Rxa2 53. g5+ Kxg5 54. Kxe5 Re2+ 55. Kd6 Rd2+ 56. Ke7 Rc2 57. Rb5 Kf4 58.
Kd7 g5 59. c6 g4 60. Rb4+ 1/2-1/2

[Event "Sparkassen-Open A"]
[Site "Heusenstamm, Martinsee"]
[Date "2019.11.22"]
[Round "3.47"]
[White "Gentner, Markus"]
[Black "Eckert, Marius"]
[Result "0-1"]
[WhiteElo "1979"]
[BlackElo "2086"]
[PlyCount "68"]
[EventDate "2019.??.??"]
[WhiteTeam "SC Murrhardt"]
[BlackTeam "SV Waltrop"]

1. Nf3 d5 2. c4 d4 3. b4 c5 4. Bb2 Bf5 5. d3 f6 6. g3 e5 7. Nh4 Bd7 8. b5 Qc8
9. h3 f5 10. e4 fxe4 11. Qh5+ Kd8 12. Qxe5 exd3 13. Nd2 Nf6 14. Bxd3 Qc7 15.
Qg5 h6 16. Qg6 Qe5+ 17. Ne4 Be8 18. Qf5 Nbd7 19. Qf3 Qe6 20. Qf5 Qxf5 21. Nxf5
Ne5 22. Kd2 Nxe4+ 23. Bxe4 Nxc4+ 24. Kc2 Nxb2 25. Kxb2 Bxb5 26. Kc2 Kc7 27.
Rhe1 Rd8 28. Rab1 Ba6 29. Bf3 Rd7 30. Re8 c4 31. Nxd4 Rxd4 32. Ra8 c3 33. Rxa7
Rd2+ 34. Kxc3 Rd3+ 0-1

[Event "Sparkassen-Open A"]
[Site "Heusenstamm, Martinsee"]
[Date "2019.11.22"]
[Round "3.48"]
[White "Weise, Martin"]
[Black "Kolker, Vladislav"]
[Result "1/2-1/2"]
[WhiteElo "2118"]
[BlackElo "1911"]
[PlyCount "28"]
[EventDate "2019.??.??"]
[WhiteTeam "SC Fulda"]
[BlackTeam "SC Bad Nauheim"]

1. e4 e5 2. Nf3 Nc6 3. d4 exd4 4. Bc4 Nf6 5. e5 d5 6. Bb5 Ne4 7. Nxd4 Bd7 8.
Bxc6 bxc6 9. O-O Bc5 10. f3 Ng5 11. Kh1 O-O 12. Nc3 Bb6 13. Nb3 Ne6 14. Na4 f6
1/2-1/2

[Event "Sparkassen-Open A"]
[Site "Heusenstamm, Martinsee"]
[Date "2019.11.22"]
[Round "3.49"]
[White "Hinrichs, Niklas"]
[Black "Mohr, Thomas"]
[Result "1-0"]
[WhiteElo "2105"]
[BlackElo "1904"]
[PlyCount "161"]
[EventDate "2019.??.??"]
[WhiteTeam "SK Bingen"]
[BlackTeam "SC FK Babenhausen"]

1. d4 d5 2. c4 e6 3. Nc3 c6 4. e3 f5 5. Nf3 Nf6 6. Ne5 Bd6 7. f4 O-O 8. Bd3 Ne4
9. Qf3 Nd7 10. O-O Ndf6 11. Bxe4 Nxe4 12. Nxe4 dxe4 13. Qe2 Bd7 14. Bd2 Be8 15.
a3 a5 16. Be1 Bxe5 17. dxe5 Rf7 18. Rd1 Rd7 19. Bc3 c5 20. Rxd7 Qxd7 21. Rd1
Qa4 22. Rd6 Bf7 23. Qd2 Re8 24. Rb6 Qxc4 25. Rxb7 a4 26. Kf2 Bh5 27. h3 Bf7 28.
Qd7 Rf8 29. Ra7 Qb3 30. Qxa4 Qd5 31. Rd7 Qa2 32. Qb5 Be8 33. Qc6 Bxd7 34. Qxd7
Qd5 35. Qb5 Rc8 36. a4 Qc6 37. Qc4 Kf7 38. a5 Rb8 39. b4 Qb5 40. Qxc5 Qxc5 41.
bxc5 Rb5 42. a6 Rxc5 43. a7 Rc8 44. Kg3 Ke8 45. Bd4 Kd7 46. Kh4 Kc6 47. g4 Kb7
48. Kg5 Rf8 49. Kh5 Rf7 50. Bc5 Rc7 51. Bb6 Rc8 52. Bd4 Rf8 53. Bc5 Rf7 54. Kh4
Rc7 55. Bd6 Rf7 56. Bb8 Ka8 57. Kh5 Kb7 58. g5 Rd7 59. Bd6 Kxa7 60. g6 h6 61.
Bf8 Rd3 62. h4 Kb6 63. Bxg7 Rxe3 64. Bxh6 Rg3 65. Bg5 e3 66. g7 e2 67. g8=Q
e1=Q 68. Qxe6+ Kb7 69. Qxf5 Qd1+ 70. Kh6 Qd5 71. Qh7+ Kc8 72. Qh8+ Kb7 73. Qg7+
Kc6 74. Qg6+ Kb5 75. Qe8+ Kc4 76. Qa4+ Kc5 77. Qa5+ Kc6 78. Qxd5+ Kxd5 79. Kg6
Rb3 80. h5 Ke6 81. h6 1-0

[Event "Sparkassen-Open A"]
[Site "Heusenstamm, Martinsee"]
[Date "2019.11.22"]
[Round "3.50"]
[White "Surányi, Pál"]
[Black "Schmitt, Carsten"]
[Result "1/2-1/2"]
[WhiteElo "2102"]
[BlackElo "1901"]
[PlyCount "151"]
[EventDate "2019.??.??"]
[WhiteTeam "SC Remagen-Sinzig"]
[BlackTeam "SV Bergwinkel"]

1. d4 Nf6 2. Nf3 e6 3. g3 d5 4. Bg2 c5 5. O-O Be7 6. dxc5 Bxc5 7. c4 O-O 8.
cxd5 exd5 9. Bg5 d4 10. Nbd2 Nc6 11. Rc1 Be7 12. Nb3 h6 13. Bf4 g5 14. Rxc6
bxc6 15. Nfxd4 Bd7 16. Bd2 Rc8 17. Ba5 Qe8 18. Qc2 c5 19. Nf5 Bxf5 20. Qxf5 c4
21. Bc3 cxb3 22. Bxf6 Rc5 23. Be5 f6 24. Qe6+ Qf7 25. Qxf7+ Kxf7 26. Bd4 Rb5
27. axb3 Rd8 28. e3 Bc5 29. Bc3 Rxb3 30. Ra1 Bb6 31. Bc6 f5 32. Kf1 Rd3 33. Rc1
f4 34. Ke2 Rdxc3 35. bxc3 Rb2+ 36. Kf3 Rxf2+ 37. Kxf2 Bxe3+ 38. Kf3 Bxc1 39.
Kg4 Ke6 40. h4 Kd6 41. Be8 a5 42. hxg5 hxg5 43. gxf4 Bxf4 44. Kf5 Bd2 45. Ba4
Kc5 46. Bb3 Kb5 47. Kg4 Kc5 48. Kf5 Kd6 49. Bc2 Ke7 50. Bb3 Kd7 51. Ba4+ Kd6
52. Bc2 Kc6 53. Ba4+ Kc5 54. Bb3 Kb5 55. Kg4 a4 56. Bf7 Kc5 57. Kf5 Kd6 58. Ba2
Ke7 59. Bd5 a3 60. Bb3 Bf4 61. Ba2 Kf8 62. Bb1 Kg7 63. c4 Kh6 64. c5 Kh5 65.
Ke4 Bc7 66. Kd4 Kg4 67. Kc3 Kf4 68. Kb3 g4 69. Bd3 Kf3 70. Bb5 Ke4 71. Bc6+ Kd4
72. Kxa3 Kxc5 73. Ba8 Kc4 74. Bb7 Kc5 75. Ba8 Kc4 76. Bb7 1/2-1/2

[Event "Sparkassen-Open A"]
[Site "Heusenstamm, Martinsee"]
[Date "2019.11.22"]
[Round "3.51"]
[White "Köllner, Aaron Noah"]
[Black "Stock, Jürgen"]
[Result "1-0"]
[WhiteElo "2094"]
[BlackElo "1895"]
[PlyCount "67"]
[EventDate "2019.??.??"]
[WhiteTeam "SV Bergneustadt/Derschlag"]
[BlackTeam "Sfr. Kelkheim"]

1. d4 e6 2. Nf3 f5 3. Bg5 Be7 4. h4 c6 5. c3 d5 6. e3 Nd7 7. Nbd2 h6 8. Bf4
Ngf6 9. Bd3 Ng4 10. Qe2 O-O 11. h5 a5 12. a4 Rf7 13. Nh2 e5 14. dxe5 Ngxe5 15.
Bc2 Bd6 16. Nhf3 b6 17. Nd4 Ba6 18. Qd1 Qf8 19. N2f3 c5 20. Nb5 Bxb5 21. axb5
Nxf3+ 22. Qxf3 Bxf4 23. Qxf4 d4 24. cxd4 cxd4 25. Qxd4 Nc5 26. O-O Rd8 27. Qc3
Rf6 28. Rad1 Rxd1 29. Rxd1 Qe8 30. Qc4+ Kh8 31. Qh4 Qxb5 32. Rd8+ Kh7 33. Qg3
Ne4 34. Qb8 1-0

[Event "Sparkassen-Open A"]
[Site "Heusenstamm, Martinsee"]
[Date "2019.11.22"]
[Round "3.52"]
[White "Ermitsch, Magnus"]
[Black "Scheitz, Michael"]
[Result "0-1"]
[WhiteElo "1881"]
[BlackElo "2082"]
[PlyCount "54"]
[EventDate "2019.??.??"]
[WhiteTeam "Borussia Lichtenberg"]
[BlackTeam "Wiesbadener SV"]

1. e4 e5 2. Nf3 Nc6 3. Bb5 a6 4. Ba4 Nf6 5. d3 d6 6. c3 b5 7. Bc2 Be7 8. O-O
O-O 9. Re1 Bb7 10. Nbd2 d5 11. Qe2 dxe4 12. dxe4 b4 13. Nc4 Nd7 14. Ne3 a5 15.
Nf5 Bc5 16. c4 f6 17. N3h4 Rf7 18. Qg4 Kh8 19. Qh5 Qe8 20. Be3 a4 21. Bxc5 Nxc5
22. Re3 Rd7 23. Qg4 g5 24. Bd1 Rad8 25. Be2 gxh4 26. Qxh4 Qf8 27. Rf3 Ne6 0-1

[Event "Sparkassen-Open A"]
[Site "Heusenstamm, Martinsee"]
[Date "2019.11.22"]
[Round "3.53"]
[White "Iliev, Mustafa Batuhan"]
[Black "Bashylina, Luisa"]
[Result "1-0"]
[WhiteElo "2017"]
[BlackElo "1868"]
[PlyCount "53"]
[EventDate "2019.??.??"]
[WhiteTeam "SV Großauheim"]
[BlackTeam "SG Solingen"]

1. e4 c5 2. Nf3 a6 3. d4 cxd4 4. Nxd4 Nf6 5. Nc3 e5 6. Nb3 Bb4 7. Bd2 O-O 8.
Bd3 b5 9. O-O Bb7 10. Nd5 Nxd5 11. exd5 Bxd2 12. Qxd2 d6 13. c4 bxc4 14. Bxc4
f5 15. Qb4 Qe7 16. Na5 Bc8 17. f4 e4 18. Rad1 Nd7 19. Nc6 Qf6 20. Qa3 Nb6 21.
Bb3 Bb7 22. Qb4 e3 23. Rde1 a5 24. Qxb6 Ba6 25. Rf3 Qxb2 26. Qd4 Qa3 27. Rfxe3
1-0

[Event "Sparkassen-Open A"]
[Site "Heusenstamm, Martinsee"]
[Date "2019.11.22"]
[Round "3.54"]
[White "Berkes, Alexander"]
[Black "Waffenschmidt, Joachim"]
[Result "0-1"]
[WhiteElo "1833"]
[BlackElo "2042"]
[PlyCount "80"]
[EventDate "2019.??.??"]
[WhiteTeam "SK Langen"]
[BlackTeam "SV Hofheim"]

1. e4 c5 2. Nf3 d6 3. d4 cxd4 4. Nxd4 Nf6 5. Nc3 a6 6. Be2 e5 7. Nb3 Be6 8. Bf3
Nbd7 9. O-O Be7 10. Be3 O-O 11. Nd5 Nxd5 12. exd5 Bf5 13. Bg4 Bxg4 14. Qxg4 f5
15. Qb4 f4 16. Bd2 b6 17. f3 Rc8 18. Rac1 g5 19. Be1 Rf7 20. Nd2 Nf6 21. c4
Nxd5 22. Qb3 Ne3 23. Rf2 d5 24. Re2 b5 25. Bf2 bxc4 26. Qa4 Qb6 27. Nf1 Bc5 28.
Rce1 Bb4 29. Rc1 d4 30. a3 Qa5 31. Qxb4 Qxb4 32. axb4 Rb7 33. Nxe3 fxe3 34. Bg3
Re7 35. Kf1 Kf7 36. Rec2 d3 37. Rxc4 Rxc4 38. Rxc4 d2 39. Ke2 Rd7 40. Kd1 e2+
0-1

[Event "Sparkassen-Open A"]
[Site "Heusenstamm, Martinsee"]
[Date "2019.11.22"]
[Round "3.57"]
[White "Ahrends, Norbert"]
[Black "Nickel, Rüdiger"]
[Result "1/2-1/2"]
[WhiteElo "1929"]
[BlackElo "2075"]
[PlyCount "120"]
[EventDate "2019.??.??"]
[WhiteTeam "SK Gernsheim"]
[BlackTeam "SK Dinkelsbühl"]

1. d4 Nf6 2. c4 g6 3. Nc3 Bg7 4. e4 d6 5. f3 O-O 6. Bg5 Na6 7. Qd2 c5 8. d5 Nc7
9. Bd3 e6 10. Nge2 b5 11. O-O bxc4 12. Bxc4 e5 13. h3 Rb8 14. f4 h6 15. Bxf6
Bxf6 16. f5 Bg5 17. Qc2 Bd7 18. Rf3 Kh7 19. Raf1 Qe7 20. b3 Rbe8 21. Ng3 Rb8
22. Qf2 Bh4 23. fxg6+ Kxg6 24. Qe2 Bxg3 25. Rxg3+ Kh7 26. Qh5 Ne8 27. Rgf3 f6
28. Qh4 Rg8 29. Ne2 Qg7 30. Qf2 Qg5 31. Rg3 Qd2 32. Rxg8 Kxg8 33. Ng3 Qd4 34.
Kh2 Qxf2 35. Rxf2 a5 36. Nh5 Kf7 37. g4 Rb4 38. Ng3 a4 39. Kg2 Kg6 40. Kf3 Ng7
41. Nf1 h5 42. Ne3 Rb8 43. bxa4 hxg4+ 44. hxg4 Bxa4 45. Nf5 Ne8 46. Rh2 Bd1+
47. Kg3 Rb4 48. Rh6+ Kf7 49. Ne3 Kg7 50. Nf5+ Kg8 51. Ne3 Ba4 52. Kf3 Kg7 53.
Nf5+ Kg8 54. Ne3 Rb1 55. Rh2 Bd7 56. Rg2 Kf7 57. Rh2 Kg6 58. Nf5 Bxf5 59. gxf5+
Kg7 60. Rg2+ Kf8 1/2-1/2

[Event "Sparkassen-Open A"]
[Site "Heusenstamm, Martinsee"]
[Date "2019.11.22"]
[Round "3.58"]
[White "Loriguillo, Gregorio"]
[Black "Foermes, Alexander"]
[Result "0-1"]
[WhiteElo "1870"]
[BlackElo "2074"]
[PlyCount "134"]
[EventDate "2019.??.??"]
[WhiteTeam "SF Vonkeln"]
[BlackTeam "SK Marburg"]

1. e4 c6 2. Nc3 d5 3. Nf3 Nf6 4. exd5 cxd5 5. Bb5+ Nc6 6. d3 Bg4 7. O-O e6 8.
h3 Bxf3 9. Qxf3 Be7 10. Bf4 Rc8 11. Bxc6+ bxc6 12. Ne2 O-O 13. Ng3 Re8 14. Rfe1
Qb6 15. Rab1 Qa6 16. a3 c5 17. Qe2 c4 18. Be5 cxd3 19. cxd3 Nd7 20. Nh5 g6 21.
Nf4 Nxe5 22. Qxe5 Bf8 23. d4 Bg7 24. Qe3 Qb6 25. Red1 Red8 26. Qd3 Rc4 27. Ne2
Rdc8 28. b3 R4c6 29. g3 Bf8 30. a4 Bg7 31. Kg2 a5 32. Rd2 Kf8 33. Kf1 Ke8 34.
h4 h5 35. Rdd1 Bh6 36. f4 Bg7 37. Rd2 Bf8 38. Ra2 Qc7 39. Kf2 Rb8 40. Ke3 Rb4
41. Kd2 Bg7 42. Rbb2 Qb6 43. Ke3 e5 44. fxe5 Bxe5 45. Kf2 Bxd4+ 46. Nxd4 Qxd4+
47. Qxd4 Rxd4 48. Rd2 Rf6+ 49. Kg2 Rxd2+ 50. Rxd2 Rf5 51. Rc2 Kd7 52. Rc5 d4
53. Rc4 Rd5 54. Kf2 d3 55. Ke1 d2+ 56. Kd1 Rd3 57. b4 axb4 58. Rxb4 Rxg3 59.
Rd4+ Kc6 60. Rxd2 Rg4 61. Rf2 Rxh4 62. Rxf7 Rg4 63. Rf6+ Kb7 64. Ke2 h4 65. Kf2
g5 66. a5 Rf4+ 67. Rxf4 gxf4 0-1

[Event "Sparkassen-Open A"]
[Site "Heusenstamm, Martinsee"]
[Date "2019.11.22"]
[Round "3.59"]
[White "Gallasch, Robin"]
[Black "Fröhlich-Dill, Astrid"]
[Result "1-0"]
[WhiteElo "2072"]
[BlackElo "1871"]
[PlyCount "133"]
[EventDate "2019.??.??"]
[WhiteTeam "SG Porz"]
[BlackTeam "SV Hofheim"]

1. d4 Nf6 2. c4 e6 3. Nf3 b6 4. g3 Bb7 5. Bg2 Bb4+ 6. Bd2 Qe7 7. Nc3 Ne4 8. O-O
Nxd2 9. Qxd2 O-O 10. Qc2 Bxc3 11. Qxc3 d6 12. Rfd1 Nd7 13. d5 e5 14. b4 f5 15.
Rab1 h6 16. Nd2 a5 17. a3 Ra7 18. Nb3 a4 19. Nc1 e4 20. f4 g5 21. e3 gxf4 22.
gxf4 Qh4 23. Ne2 Nf6 24. Qe1 Qxe1+ 25. Rxe1 c5 26. Bh3 Bc8 27. Ng3 Ne8 28. Kf2
Kh7 29. Rg1 Ng7 30. bxc5 bxc5 31. Rb8 Rb7 32. Rb1 Rxb1 33. Rxb1 Ba6 34. Bf1 Rf6
35. Rb6 Bc8 36. Be2 Ne8 37. Bh5 Ng7 38. Be2 Bd7 39. Rb7 Be8 40. Ra7 Rf8 41. Nh5
Bxh5 42. Bxh5 Rb8 43. Be2 Kg6 44. Rxa4 Rb2 45. Ra7 Ne8 46. Re7 Nf6 47. Re6 Kg7
48. h3 Nh5 49. Rxd6 Ng3 50. Kxg3 Rxe2 51. Rc6 Rxe3+ 52. Kg2 Rxa3 53. Rxc5 Rd3
54. Rc6 h5 55. d6 Kf7 56. Rc7+ Ke6 57. c5 h4 58. Re7+ Kf6 59. Rh7 Rd5 60. d7
Kg6 61. c6 Kxh7 62. c7 Rxd7 63. c8=Q Rg7+ 64. Kf2 Rf7 65. Qd8 Kg7 66. Qxh4 Rf6
67. Qg5+ 1-0

[Event "Sparkassen-Open A"]
[Site "Heusenstamm, Martinsee"]
[Date "2019.11.22"]
[Round "3.60"]
[White "Thomas, Tobias"]
[Black "Gebhardt, Ulrich"]
[Result "1/2-1/2"]
[WhiteElo "1907"]
[BlackElo "2072"]
[PlyCount "81"]
[EventDate "2019.??.??"]
[WhiteTeam "SK Langen"]
[BlackTeam "SK Ettlingen"]

1. c4 e5 2. g3 Nf6 3. Bg2 d5 4. cxd5 Nxd5 5. Nc3 Nb6 6. Nf3 Nc6 7. O-O Be7 8.
Rb1 O-O 9. b4 Bf5 10. b5 Nd4 11. d3 Bf6 12. Nxd4 exd4 13. Ne4 Bxe4 14. dxe4 Qd7
15. f4 Be7 16. e5 c5 17. bxc6 bxc6 18. f5 Rfe8 19. Bh3 Rad8 20. e6 fxe6 21.
fxe6 Qd5 22. Qd3 Qh5 23. Bf5 c5 24. g4 Qh4 25. Rf3 c4 26. Qe4 Rf8 27. Ba3 g6
28. Bxg6 Rxf3 29. Qxf3 Bxa3 30. Bf7+ Kg7 31. Qxa3 Qxg4+ 32. Qg3 Qxg3+ 33. hxg3
Kf8 34. Kf2 Ke7 35. a4 Rd5 36. Rh1 d3 37. exd3 cxd3 38. Rxh7 d2 39. Bh5+ Kxe6
40. Bd1 Ra5 41. Ke2 1/2-1/2

[Event "Sparkassen-Open A"]
[Site "Heusenstamm, Martinsee"]
[Date "2019.11.22"]
[Round "3.61"]
[White "Reitz, Theresa"]
[Black "Heß, Steffen"]
[Result "1/2-1/2"]
[WhiteElo "1901"]
[BlackElo "2028"]
[PlyCount "44"]
[EventDate "2019.??.??"]
[WhiteTeam "VfR-SC Koblenz"]
[BlackTeam "SC Groß-Zimmern"]

1. Nf3 g6 2. g3 Bg7 3. d4 Nf6 4. Bg2 O-O 5. O-O d6 6. c4 Nbd7 7. b3 a6 8. Bb2
Rb8 9. Re1 e5 10. e4 exd4 11. Nxd4 Re8 12. Qc2 c5 13. Ne2 b5 14. Nd2 b4 15. Nf4
Ne5 16. Nf3 Nxf3+ 17. Bxf3 Bb7 18. Bg2 Qc7 19. Rad1 Re7 20. Nd3 Ne8 21. Bxg7
Nxg7 22. h4 h6 1/2-1/2